Statistics for Map of Europe with Country Flags

Click here to take the quiz!

General Stats

  • This quiz has been taken 894 times
    (838 since last reset)
  • The average score is 33 of 49

Answer Stats

Flag% Correct
95%
82%
78%
76%
76%
74%
73%
73%
73%
73%
73%
72%
71%
71%
70%
70%
70%
70%
70%
70%
70%
69%
69%
69%
69%
68%
68%
67%
67%
67%
66%
66%
66%
66%
65%
65%
65%
65%
65%
65%
64%
64%
63%
63%
54%
52%
49%
39%
31%

Score Distribution

Percentile by Number Answered

Percent of People with Each Score

Your Score History

You have not taken this quiz since the last reset